00729nam a22001457a 4500003000900000005001700009008004100026040001300067100004900080245009200129260003800221300001800259490005900277500024700336IT-RoPau20220918181220.0140512b xxu||||| |||| 00| 0 eng d cIT-RoPau aPie Discepole Divin Maestro Provincia Italia aVerso il futurobDimentico del passato, proteso verso il futuro, corro verso la meta... aRomabPDDM Provincia Italiac2002 a32 pp.c21 cm aBollettino interno N. 1. Anno IIvGennaio - Marzo 2002 aIndice Và nella terra che io ti mostrerò A proposito de "La luna e il dito" Familiarità e amicizia La dimensione vocazionale nei ritiri ed esercici spirituali La Parola annunciata e spezzata Il sogno condiviso...è realtà che inizia